000 00243nam a2200097Ia 4500
001 760139
005 20250826165143.0
008 250824s9999 xx 000 0 und d
245 0 _aİKİ DÜNYA ARASINDA
_cCORCI ZEYDAN
260 _bPANAMA YAYINLARI
999 _c760139
_d760139